[Event "LSS RN-2007-0-00029"]
[Site "LSS email"]
[Date "2007.01.30"]
[Round "?"]
[White "Petidis, Kostas"]
[Black "Van den Acker, Renate"]
[Result "0-1"]
[WhiteElo "675"]
[BlackElo "1165"]
[PlyCount "27"]
[EventDate "2007.01.05"]
[EventType "tourn (corr)"]
[EventRounds "6"]
[EventCountry "GER"]
[SourceTitle "Corr 2015"]
[Source "ChessBase"]
[SourceDate "2015.07.17"]
[SourceVersion "1"]
[SourceVersionDate "2015.07.17"]
[SourceQuality "1"]

1. d4 d5 2. c4 e6 3. Nc3 Nf6 4. Bg5 Be7 5. Nf3 0-0 6. e3 h6 7. Bh4 Nc6 8. Bd3 dxc4 9. Bxc4 b6 10. 0-0 Bb7 11. a3 Na5 12. Ba2 c5 13. dxc5 bxc5 14. Qe2 0-1

[Event "IECG ZN.2007.0.00187 email"]
[Site "IECG email"]
[Date "2007.01.29"]
[Round "?"]
[White "Sagi, Raju"]
[Black "Van den Acker, Renate"]
[Result "0-1"]
[WhiteElo "594"]
[BlackElo "800"]
[PlyCount "38"]
[EventDate "2007.01.29"]
[EventType "tourn (corr)"]
[EventRounds "2"]
[SourceTitle "Corr 2008"]
[Source "ChessBase"]
[SourceDate "2008.06.24"]
[SourceVersion "1"]
[SourceVersionDate "2008.06.24"]
[SourceQuality "1"]

1. e4 Nc6 2. d3 Nf6 3. Nc3 d5 4. exd5 Nxd5 5. Bd2 e5 6. Nf3 Bb4 7. Qe2 Bxc3 8. 0-0-0 Bxd2+ 9. Rxd2 0-0 10. Nxe5 Nxe5 11. Qxe5 Re8 12. Qg3 Re1+ 13. Rd1 Qe8 14. d4 Rxd1+ 15. Kxd1 Qa4 16. Qb3 Qxd4+ 17. Qd3 Qxf2 18. Qxd5 Bg4+ 19. Kc1 Qe1+ 0-1

[Event "LSS OP-2006-0-00198"]
[Site "LSS email"]
[Date "2006.12.12"]
[Round "?"]
[White "Selmeczi, Jozsef"]
[Black "Van den Acker, Renate"]
[Result "1-0"]
[WhiteElo "1703"]
[BlackElo "1165"]
[PlyCount "27"]
[EventDate "2006.12.10"]
[EventType "tourn (corr)"]
[EventRounds "4"]
[EventCountry "GER"]
[SourceTitle "Corr 2015"]
[Source "ChessBase"]
[SourceDate "2015.07.17"]
[SourceVersion "1"]
[SourceVersionDate "2015.07.17"]
[SourceQuality "1"]

1. d4 d5 2. Nf3 Nf6 3. Bf4 g6 4. e3 Nh5 5. Be5 f6 6. Bg3 Nc6 7. c4 Nxg3 8. hxg3 e6 9. Nc3 Kf7 10. Qc2 Na5 11. Bd3 Kg7 12. cxd5 exd5 13. 0-0-0 Nc6 14. Bxg6 1-0

[Event "LSS OP-2006-0-00198"]
[Site "LSS email"]
[Date "2006.12.12"]
[Round "?"]
[White "Van den Acker, Renate"]
[Black "Keller, Alexander"]
[Result "1-0"]
[WhiteElo "1165"]
[BlackElo "578"]
[PlyCount "29"]
[EventDate "2006.12.10"]
[EventType "tourn (corr)"]
[EventRounds "4"]
[EventCountry "GER"]
[SourceTitle "Corr 2015"]
[Source "ChessBase"]
[SourceDate "2015.07.17"]
[SourceVersion "1"]
[SourceVersionDate "2015.07.17"]
[SourceQuality "1"]

1. Nc3 d5 2. d4 Bf5 3. g3 Nf6 4. Nf3 e6 5. Nh4 g6 6. Bg2 Be4 7. f3 g5 8. Bxg5 Bg6 9. 0-0 h6 10. Nxg6 fxg6 11. Be3 h5 12. Bg5 c6 13. Bh3 Qe7 14. e4 c5 15. e5 1-0

[Event "LSS RN-2006-0-00017"]
[Site "LSS email"]
[Date "2006.12.11"]
[Round "?"]
[White "Van den Acker, Renate"]
[Black "Werbrouck, Jean Michel"]
[Result "1-0"]
[WhiteElo "1165"]
[BlackElo "707"]
[PlyCount "25"]
[EventDate "2006.12.09"]
[EventType "tourn (corr)"]
[EventRounds "6"]
[EventCountry "GER"]
[SourceTitle "Corr 2015"]
[Source "ChessBase"]
[SourceDate "2015.07.17"]
[SourceVersion "1"]
[SourceVersionDate "2015.07.17"]
[SourceQuality "1"]

1. Nf3 d5 2. d4 Nf6 3. Nc3 Nc6 4. Bf4 Bg4 5. h3 Bxf3 6. gxf3 e6 7. Qd2 Bd6 8. 0-0-0 Bxf4 9. Qxf4 Qe7 10. e4 0-0-0 11. Bb5 Qd6 12. e5 Nh5 13. Qg5 1-0